THE HARYANA PANCHAYATI RAJ ACT,1994(HARYANA ACT No. 11 of 1994) (Record no. 22022)
[ view plain ]
| 000 -LEADER | |
|---|---|
| fixed length control field | 00419nam a22001457a 4500 |
| 003 - CONTROL NUMBER IDENTIFIER | |
| control field | SGT |
| 082 ## - DEWEY DECIMAL CLASSIFICATION NUMBER | |
| Classification number | 320.84 |
| Item number | SIN |
| 100 ## - MAIN ENTRY--PERSONAL NAME | |
| Personal name | SINGLA LAW AGENCY |
| 245 ## - TITLE STATEMENT | |
| Title | THE HARYANA PANCHAYATI RAJ ACT,1994(HARYANA ACT No. 11 of 1994) |
| 260 ## - PUBLICATION, DISTRIBUTION, ETC. (IMPRINT) | |
| Place of publication, distribution, etc | CHANDIGARH |
| Name of publisher, distributor, etc | SINGLA LAW AGENCY |
| Year of Publication | 2021 |
| 300 ## - PAGE DESCRIPTION | |
| No. of Pages | 304 |
| 653 ## - KEYWORDS--INDEX TERM | |
| Keyword term | HARYANA PANCHAYTI RAJ , HARYANA PANCHAYATI RAJ ELECTIONS RULES , |
| 700 ## - ADDED ENTRY--PERSONAL NAME | |
| Personal name | BARE ACT |
| 942 ## - ADDED ENTRY ELEMENTS (KOHA) | |
| Source of classification or shelving scheme | Dewey Decimal Classification |
| Koha item type | Books |
| 942 ## - ADDED ENTRY ELEMENTS (KOHA) | |
| -- | 5 |
| Withdrawn status | Lost status | Source of classification or shelving scheme | Damaged status | Not for loan | Collection code | Home library | Current library | Shelving location | Date acquired | Vendor Name | Cost, normal purchase price | SGTU | Total Checkouts | Full call number | Accession No. (Barcode) | Date last seen | Date last borrowed | Bill Date | Koha item type |
|---|---|---|---|---|---|---|---|---|---|---|---|---|---|---|---|---|---|---|---|
| Dewey Decimal Classification | LAW | SGT Science & Social Sciences Library | SGT Science & Social Sciences Library | Text Book | 24/11/2021 | NAND BOOK STALL | 480.00 | SGTU | 1 | 320.84 SIN | FLBA207 | 21/04/2022 | 22/02/2022 | 23/11/2021 | Books | ||||
| Dewey Decimal Classification | LAW | SGT Science & Social Sciences Library | SGT Science & Social Sciences Library | Text Book | 24/11/2021 | NAND BOOK STALL | 480.00 | SGTU | 2 | 320.84 SIN | FLBA208 | 31/10/2025 | 27/10/2025 | 23/11/2021 | Books | ||||
| Dewey Decimal Classification | LAW | SGT Science & Social Sciences Library | SGT Science & Social Sciences Library | Text Book | 24/11/2021 | NAND BOOK STALL | 480.00 | SGTU | 4 | 320.84 SIN | FLBA209 | 23/12/2025 | 19/11/2025 | 23/11/2021 | Books |